| 000 | 00803nam a2200241Ia 4500 | ||
|---|---|---|---|
| 001 | dia_4178 | ||
| 003 | CHAP | ||
| 005 | 20251029163855.0 | ||
| 008 | 220117s1982 xx 000 0 und d | ||
| 010 | _a174811 | ||
| 040 |
_cCHAP _amxchpua _erda |
||
| 090 | _aFOLLETO 2243 | ||
| 100 |
_aInstituto nacional de investigaciones agrícolas. México _9155715 |
||
| 245 |
_aGuía de recomendaciones para el control de plagas agrícolas en México / _c Instituto nacional de investigaciones agrícolas. México |
||
| 260 |
_aMéxico _c1982 |
||
| 300 | _a40 p. | ||
| 500 | _aS/c (Folleto técnico, 80) | ||
| 650 |
_aPlagas agrícolas _xControl _xMéxico _9155718 |
||
| 901 | _aFOLLETO 2243 | ||
| 902 | _aM | ||
| 905 | _a0000001982 mx 0000000000spa00 | ||
| 942 |
_cFOLL _2local |
||
| 999 |
_c174811 _d174811 |
||